La república o el estado

Đã lưu trong:
Chi tiết về thư mục
Tác giả chính: Platón (Tác giả)
Định dạng: Sách
Ngôn ngữ:Tiếng Tây Ban Nha
Được phát hành: Lima Universo 1969
Phiên bản:2a. ed
Những chủ đề:
Các nhãn: Thêm thẻ
Không có thẻ, Là người đầu tiên thẻ bản ghi này!

MARC

LEADER 00000nam a2200000 a 4500
001 UCX3264
003 CL-VaPUC
008 911021e19690000PE |||||||||||||||||spa|d
082 0 4 |a 184  |b PLA  |2 21 
100 0 |a Platón  |e author  |9 222 
245 1 3 |a La república o el estado 
250 |a 2a. ed 
300 |a 286 p 
942 |c BK 
945 |d 19911021 00:00:00 
260 |a Lima  |b Universo  |c 1969 
650 0 |a Ciencias Políticas  |9 255201 
650 0 |a Utopías  |9 255961 
583 |a last modification  |c 19911021 00:00:00  |k Rodrigo Vera 
999 |c 224062  |d 224060 
952 |0 0  |1 0  |4 0  |6 184_000000000000000_PLA_1969  |7 0  |8 R  |9 220438  |a BIBEDU  |b BIBEDU  |c MCIRC  |d 2019-11-15  |i 2891565  |l 3  |o 184 PLA 1969  |p 2891565  |r 2023-09-22  |s 2023-09-22  |w 2019-11-15  |y BK_R  |k LIT